00707cam a22002294a 45000010009000000050017000090080041000260100017000670200035000840400018001190410008001370420008001450800017001530820021001701000007001911010008001982450081002069060045002879420012003329990017003449520116003611245408720180301045624.0010627s2001 maua 001 0 eng  a 2001038307 a0792374398 (pbk. : alk. paper) aDLCcDLCdDLC aeng apcc a621.395 jam00a621.395 jam2211 a27 aeng10aRapid prototyping of digital systems :cJames O. Hamblen, Michael D. Furman. a7bcbccorignewd1eocipf20gy-gencatlg 2ddccBK c43803d43803 00102udc40708PËKGa002b002cPËKGd2018-03-01l0o621.395 jamp002-3000299r2018-03-01w2018-03-01yBK